Biblioteca y Centro de Documentación

Vista normal Vista MARC

Entrada Nombre corporativo

Número de registros utilizados en: 1

001 - NÚMERO DE CONTROL

  • Campo de control: 39221

003 - IDENTIFICADOR DE NÚMERO DE CONTROL

  • Campo de control: ES-MaCES

005 - FECHA Y HORA DE LA ULTIMA MODIFICACION

  • Campo de control: 20180726133908.0

008 - ELEMENTOS DE DATOS DE LONGITUD FIJA

  • Campo de longitud fija: 180726|| azz||aabn | a|a d

040 ## - FUENTE DE LA CATALOGACIÓN

  • Agencia original de catalogación: ES-MaCES

110 1# - ENCABEZAMIENTO--NOMBRE CORPORATIVO

  • Nombre corporativo o de jurisdicción como elemento de entrada: Cataluña
  • Título de una obra: Ley del Derecho a la vivienda
  • Lugar de reunión o firma del tratado: 2007

670 ## - FUENTE DE DATOS ENCONTRADOS

  • Fuente de citación: DOGC, 9 de en. de 2008
  • Información encontrada: Ley 18/2007, de 28 de dic.
© CES, Consejo Económico y Social de España 2021